Učitavanje...

Interpretation of caste

Bibliografski detalji
Glavni autor: Quigley Declan
Format: Printed Book
Izdano: Delhi: Oxford university press.
Teme:
LEADER 00415nam a22001214a 4500
082 |a 307 
100 |a Quigley Declan , 
260 |a Delhi:  |b Oxford university press. 
650 |a Interpretation of caste 
245 |a Interpretation of caste  |c by Declan Quigley 
942 |c BK 
999 |c 246541  |d 246541 
952 |0 0  |1 0  |4 0  |6 307_000000000000000_QUI  |7 0  |8 G  |9 261894  |a HIS  |b HIS  |d 2020-01-04  |l 0  |o 307 QUI  |p HIS10074  |r 2020-01-04  |t 1  |w 2020-01-04  |y BK